000 00684nam a2200265Ia 4500
003 OSt
005 20221007110206.0
006 a|||||r|||| 00| 0
007 ta
008 221006b |||||||| |||| 00| 0 eng d
024 _a20,580
037 _cTextual
040 _aLCO
_cLCO
_beng
041 _2eng
_aeng
082 _aZ1,6, L7
100 _aShukla Arun K.
245 0 _aComparative Law
250 _a2nd
260 _aAllahabad
_bCentral Law Agency India
_c1977
300 _a247
650 _aCOMPARATIVE LAW
_9681818
700 _a Srivastava R.D
_9702619
942 _hZ1,6, L7
_cTEXL
999 _c1190143
_d1190143